Normal view
MARC view
- Digital images
Entry Topical Term
001 - CONTROL NUMBER
- control field: 120996
003 - CONTROL NUMBER IDENTIFIER
- control field: NUST
005 - DATE AND TIME OF LATEST TRANSACTION
- control field: 20240221104156.0
008 - FIXED-LENGTH DATA ELEMENTS
- fixed length control field: 240221|| aca||aabn | a|a d
040 ## - CATALOGING SOURCE
- Original cataloging agency: NUST
- Transcribing agency: NUST
150 ## - HEADING--TOPICAL TERM
- Topical term or geographic name entry element: Digital images
670 ## - SOURCE DATA FOUND
- Source citation: Work cat.: (NUST): May, John (Architect), author. 120994, Signal. image. architecture. :, 2019.
